|
|
|
|
| LEADER |
02184nam a2200553 i 4500 |
| 001 |
nkc20193146978 |
| 003 |
CZ PrNK |
| 005 |
20191112094256.0 |
| 007 |
ta |
| 008 |
191009s2018 xr aeh f f 000 0 cze |
| 015 |
|
|
|a cnb003146978
|
| 020 |
|
|
|a 978-80-88240-06-8
|q (brožováno)
|
| 035 |
|
|
|a (OCoLC)1130274500
|
| 040 |
|
|
|a OLA001
|b cze
|e rda
|
| 043 |
|
|
|a e-xr---
|
| 072 |
|
7 |
|a 71
|x Územní plánování. Urbanismus. Památková péče
|2 Konspekt
|9 21
|
| 080 |
|
|
|a 930.85:338.45
|2 MRF
|
| 080 |
|
|
|a 7.025.3/.4
|2 MRF
|
| 080 |
|
|
|a 719
|2 MRF
|
| 080 |
|
|
|a (437.3)
|2 MRF
|
| 080 |
|
|
|a (083.744)
|2 MRF
|
| 100 |
1 |
|
|a Matěj, Miloš,
|d 1960-
|7 jo2004249802
|4 aut
|
| 245 |
1 |
0 |
|a Metodika hodnocení a ochrany průmyslového dědictví z pohledu památkové péče /
|c Miloš Matěj, Michaela Ryšková
|
| 250 |
|
|
|a 1. vydání
|
| 264 |
|
1 |
|a Ostrava :
|b Národní památkový ústav,
|c 2018
|
| 300 |
|
|
|a 199 stran :
|b ilustrace (převážně barevné), plány, faksimile ;
|c 24 cm
|
| 336 |
|
|
|a text
|b txt
|2 rdacontent
|
| 336 |
|
|
|a statický obraz
|b sti
|2 rdacontent
|
| 337 |
|
|
|a bez média
|b n
|2 rdamedia
|
| 338 |
|
|
|a svazek
|b nc
|2 rdacarrier
|
| 490 |
1 |
|
|a Odborné a metodické publikace ;
|v svazek 99
|
| 504 |
|
|
|a Obsahuje bibliografii a bibliografické odkazy
|
| 650 |
0 |
7 |
|a průmyslové dědictví
|7 ph816327
|2 czenas
|
| 650 |
0 |
7 |
|a průmyslové dědictví
|7 ph816327
|z Česko
|2 czenas
|
| 650 |
0 |
7 |
|a ochrana kulturního dědictví
|7 ph137196
|z Česko
|2 czenas
|
| 650 |
0 |
7 |
|a památková péče
|7 ph123918
|z Česko
|2 czenas
|
| 650 |
0 |
9 |
|a industrial heritage
|2 eczenas
|
| 650 |
0 |
9 |
|a industrial heritage
|z Czechia
|2 eczenas
|
| 650 |
0 |
9 |
|a protection of cultural heritage
|z Czechia
|2 eczenas
|
| 650 |
0 |
9 |
|a historic preservation
|z Czechia
|2 eczenas
|
| 655 |
|
7 |
|a certifikované metodiky
|7 fd806827
|2 czenas
|
| 655 |
|
9 |
|a certified methodology
|2 eczenas
|
| 700 |
1 |
|
|a Ryšková, Michaela
|7 mzk2008479398
|4 aut
|
| 830 |
|
0 |
|a Odborné a metodické publikace (Národní památkový ústav)
|0 s
|
| 910 |
2 |
|
|a BOA001
|b 2-1434.449
|
| 990 |
|
|
|a BK
|
| 995 |
|
|
|a 01
|
| 991 |
|
|
|b 201910
|c NOV
|
| 996 |
6 |
|
|b 2610799786
|c 2-1434.449
|l MZK
|r Sklad / do 1 hodiny
|n 2
|p p.v.
|w 001760999
|u 000010
|a 1
|e BOA001
|j MZK50
|s P
|